000 00800nas a2200241 4500
001 BR0900252
003 BR-BrBNA
005 20231205113013.0
007 ta
008 230509b bl.|||p| |||| 00| 00por d
040 _aBR-BrBNA
_bpor
_cBiblioteca Nacional de Agricultura
041 _a(Pt)
072 _aF62
100 1 _aMindêllo Neto, U.R.
100 1 _aTelles, C.A.Biasi, L.A.
245 1 _aEnraizamento de estacas semilenhosas de nectarineiras tratadas com diferentes concentrações de ácido indolbutírico.
650 _aNECTARINA
650 _aRAÍZ
650 _aÁCIDO ENDOLBUTÍRICO
773 0 _tRevista Brasileira de Agrociência (Brazil)
_xISSN 0104-8996
_g(Jul-Sep 2005), v. 11(3) p. 299-301
_wBR0900252
909 _a202311
_bLúcia
_c55
_dLúcia Elande
942 _2AGRIS
_n0
_cANA
999 _c201282
_d201282